[Event "Hogeschool Zeeland Tournament"]
[Site "Vlissingen NED"]
[Date "2007.08.11"]
[EventDate "2007.08.04"]
[Round "9"]
[Result "1/2-1/2"]
[White "Rustam Mashrukovich Kasimdzhanov"]
[Black "Fabiano Caruana"]
[WhiteElo "2706"]
[BlackElo "2549"]
[PlyCount "164"]

1. d4 e6 2. e4 d5 3. Nc3 Bb4 4. e5 c5 5. a3 Bxc3+ 6. bxc3 Ne7
7. Qg4 O-O 8. Bd3 Nbc6 9. Qh5 Ng6 10. Nf3 Qc7 11. Be3 c4
12. Bxg6 fxg6 13. Qg4 Bd7 14. h4 Rf5 15. Ng5 Raf8 16. Qe2 h6
17. Nh3 b5 18. f3 a5 19. Qd2 Qd8 20. Bf2 Ne7 21. O-O R5f7
22. Kh2 Nf5 23. g3 Ne7 24. Ng1 Nf5 25. Kg2 Kh7 26. Nh3 Kg8
27. Rh1 Ne7 28. Ng1 Nc6 29. Be3 Ne7 30. g4 Nc6 31. Rh3 Qe7
32. Ne2 b4 33. axb4 axb4 34. cxb4 Qxb4 35. c3 Qb6 36. Qc1 Rb8
37. Ra2 Qb1 38. Qxb1 Rxb1 39. Nf4 Kh7 40. Rh1 Rb3 41. Ne2 Rf8
42. Bd2 Rfb8 43. Rha1 Kg8 44. Kf2 Kf7 45. Ra8 Bc8 46. Rxb8
Rxb8 47. Nf4 Rb6 48. Ke3 Rb5 49. Ra8 Rb8 50. Ra1 Rb6 51. Bc1
Rb3 52. Kd2 Rb6 53. Ra8 Rb8 54. Rxb8 Nxb8 55. Ba3 Nc6 56. Bb4
Bd7 57. Kc2 Be8 58. Kb2 Bd7 59. Ka3 Be8 60. Ng2 Bd7 61. Ne3
Ke8 62. Nd1 Na7 63. Bc5 Nc6 64. Bb6 h5 65. Nf2 g5 66. hxg5
hxg4 67. fxg4 Kf7 68. Nh3 Kg6 69. Kb2 Bc8 70. Kc1 Bd7 71. Kd2
Bc8 72. Ke3 Bd7 73. Kf2 Kf7 74. Nf4 Ne7 75. Bc5 Ng6 76. Ne2
Ba4 77. Kg3 Bd1 78. Nc1 Nh8 79. Na2 Ba4 80. Nb4 Bb5 81. Nc2
Ba4 82. Ne3 Bd7 1/2-1/2

[Event "Reykjavik Open"]
[Site "Reykjavik ISL"]
[Date "2008.03.06"]
[EventDate "2008.03.03"]
[Round "4"]
[Result "1/2-1/2"]
[White "Fabiano Caruana"]
[Black "Stelios Halkias"]
[WhiteElo "2598"]
[BlackElo "2580"]
[PlyCount "97"]

1. e4 c5 2. Nf3 Nc6 3. Bb5 d6 4. O-O Bd7 5. c3 Nf6 6. Re1 a6
7. Bf1 Bg4 8. d3 e6 9. Nbd2 d5 10. exd5 Nxd5 11. Qa4 Bh5
12. Ne5 Nb6 13. Qe4 Nxe5 14. Qxe5 Bg6 15. Ne4 Rc8 16. Bg5 Qd5
17. Qg3 Be7 18. c4 Qc6 19. Bxe7 Kxe7 20. h4 Nd7 21. h5 Bxe4
22. dxe4 Qc7 23. e5 Kf8 24. Qe3 Nb8 25. h6 Rg8 26. Bd3 Qe7
27. Bxh7 Rh8 28. hxg7+ Kxg7 29. Qg3+ Kf8 30. Be4 Nc6 31. Bxc6
bxc6 32. Re4 Rd8 33. Qe3 Rh4 34. g3 Rxe4 35. Qxe4 Qg5 36. Re1
Qd2 37. Qe2 Ke7 38. Kg2 Qd4 39. Rc1 a5 40. Rc3 Rb8 41. Rb3 Rb4
42. Rxb4 cxb4 43. b3 Qa1 44. f4 Kf8 45. g4 Qb1 46. Qd2 Kg7
47. Qf2 Qa1 48. Qe2 Qb1 49. Qf2 1/2-1/2

[Event "Cap d'Agde"]
[Site "Cap d'Agde FRA"]
[Date "2008.10.29"]
[EventDate "2008.??.??"]
[Round "8.3"]
[Result "1/2-1/2"]
[White "Anatoly Karpov"]
[Black "Fabiano Caruana"]
[WhiteElo "2391"]
[BlackElo "2640"]
[PlyCount "58"]

1. d4 d5 2. c4 c6 3. Nf3 Nf6 4. e3 Bf5 5. Nc3 e6 6. Nh4 Be4
7. f3 Bg6 8. Qb3 Qc7 9. Bd2 Be7 10. O-O-O a6 11. Nxg6 hxg6
12. Kb1 dxc4 13. Bxc4 b5 14. Bd3 c5 15. dxc5 Nbd7 16. Ne4 Nxe4
17. Bxe4 Nxc5 18. Qc3 Bf6 19. Qc2 Rc8 20. Rc1 O-O 21. Bb4 Qe5
22. Bc3 Qd6 23. Bb4 Qe5 24. Bc3 Qb8 25. Bxf6 gxf6 26. Bxg6 Nd7
27. Qe4 fxg6 28. Qxg6+ Kh8 29. Qh6+ Kg8 1/2-1/2

[Event "Cap d'Agde"]
[Site "Cap d'Agde FRA"]
[Date "2008.10.29"]
[EventDate "2008.??.??"]
[Round "8.5"]
[Result "1/2-1/2"]
[White "Anatoly Karpov"]
[Black "Fabiano Caruana"]
[WhiteElo "2391"]
[BlackElo "2640"]
[PlyCount "78"]

1. d4 d5 2. c4 c6 3. Nf3 Nf6 4. e3 Bf5 5. Nc3 e6 6. Nh4 Be4
7. f3 Bg6 8. Qb3 Qc7 9. Bd2 Be7 10. O-O-O a6 11. c5 Nbd7
12. Na4 e5 13. Bc3 Rb8 14. dxe5 Nxe5 15. Bd4 Ned7 16. Qc3 O-O
17. Nxg6 hxg6 18. Bd3 Rfe8 19. g4 Bd8 20. h4 Qa5 21. Qxa5 Bxa5
22. h5 gxh5 23. g5 Nh7 24. g6 fxg6 25. Bxg6 Re7 26. Rxh5 Ndf8
27. Bxh7+ Nxh7 28. Rdh1 Nf8 29. f4 Bc7 30. f5 Be5 31. Kd2 Rbe8
32. Kc3 Bxd4+ 33. exd4 Kf7 34. Kb4 Nd7 35. Ka5 Re4 36. R5h4
Kf6 37. Nb6 Nf8 38. Na4 Nd7 39. Nb6 Nf8 1/2-1/2

[Event "World Cup"]
[Site "Khanty-Mansiysk RUS"]
[Date "2009.11.29"]
[EventDate "2009.11.21"]
[Round "3.6"]
[Result "1/2-1/2"]
[White "Evgeny Alekseev"]
[Black "Fabiano Caruana"]
[WhiteElo "2715"]
[BlackElo "2652"]
[PlyCount "110"]

1. e4 e5 2. Nf3 Nc6 3. Bc4 Bc5 4. c3 Nf6 5. d3 d6 6. Bb3 a6
7. O-O O-O 8. h3 h6 9. Re1 Ba7 10. Nbd2 Re8 11. Nf1 Be6
12. Bc2 d5 13. Qe2 dxe4 14. dxe4 b5 15. N3h2 Ne7 16. Rd1 Qc8
17. Qf3 Nh7 18. Ng4 Ng6 19. Nfe3 Rd8 20. Nf5 Rxd1+ 21. Qxd1
Qd8 22. Qe1 h5 23. Nh2 Nf4 24. Bxf4 exf4 25. Rd1 Qe8 26. Qd2
Bxf5 27. exf5 Qe5 28. Re1 Qd6 29. Qxd6 cxd6 30. Re7 Nf6
31. Nf3 Bc5 32. Rc7 Ne8 33. Rc6 a5 34. Ng5 a4 35. Ne4 Rd8
36. b4 axb3 37. Bxb3 Kf8 38. Kf1 Nf6 39. Nxf6 gxf6 40. Rc7 Ba3
41. Rxf7+ Ke8 42. Rxf6 Rc8 43. Rh6 Rxc3 44. f6 f3 45. Rh8+ Kd7
46. Kg1 d5 47. Bxd5 Rc1+ 48. Kh2 Bd6+ 49. g3 Rf1 50. f7 Rxf2+
51. Kg1 Bc5 52. f8=N+ Kd6 53. Rh6+ Kxd5 54. Rxh5+ Kd6 55. Rh6+
Ke5 1/2-1/2

[Event "Rising Stars - Experience"]
[Site "Amsterdam NED"]
[Date "2010.08.22"]
[EventDate "2010.08.12"]
[Round "10"]
[Result "1/2-1/2"]
[White "Ljubomir Ljubojevic"]
[Black "Fabiano Caruana"]
[WhiteElo "2572"]
[BlackElo "2697"]
[PlyCount "34"]

1. d4 Nf6 2. Nf3 d5 3. c4 c6 4. Nc3 dxc4 5. a4 Bf5 6. e3 e6
7. Bxc4 Bb4 8. O-O Nbd7 9. Nh4 Bg4 10. Qb3 Qb6 11. h3 Bh5
12. e4 Bxc3 13. Qxc3 Nxe4 14. Qe3 Nef6 15. a5 Qc7 16. Qa3 c5
17. d5 O-O 1/2-1/2

[Event "World Blitz Championship"]
[Site "Moscow RUS"]
[Date "2010.11.16"]
[EventDate "2010.11.16"]
[Round "8.10"]
[Result "0-1"]
[White "Fabiano Caruana"]
[Black "Sergey Karjakin"]
[WhiteElo "2709"]
[BlackElo "2760"]
[PlyCount "65"]

1. d4 d5 2. c4 c6 3. e3 Nf6 4. Bd3 e5 5. Nc3 e4 6. Bc2 Bd6
7. f3 O-O 8. fxe4 Nxe4 9. Bxe4 dxe4 10. Nxe4 Bb4+ 11. Bd2 Qe7
12. Qf3 Re8 13. Nc3 Bxc3 14. Bxc3 Qxe3+ 15. Qxe3 Rxe3+ 16. Kf2
Re8 17. Nf3 Be6 18. b3 Nd7 19. Rhe1 f6 20. Nd2 Bf5 21. a4 Nf8
22. a5 Ne6 23. Re3 Nf4 24. Nf1 Bc2 25. Ra3 Be4 26. g3 Nh3+
27. Ke2 f5 28. Nd2 Bg2 29. a6 b6 30. Ra1 g5 31. Kd3 b5 32. c5
f4 33. Ba5 0-1

[Event "World Blitz Championship"]
[Site "Moscow RUS"]
[Date "2010.11.16"]
[EventDate "2010.11.16"]
[Round "9.2"]
[Result "1-0"]
[White "Peter Svidler"]
[Black "Fabiano Caruana"]
[WhiteElo "2722"]
[BlackElo "2709"]
[PlyCount "59"]

1. e4 c5 2. Nf3 e6 3. d4 cxd4 4. Nxd4 a6 5. Bd3 Nf6 6. O-O Qc7
7. Qe2 d6 8. c4 g6 9. Nc3 Bg7 10. Nf3 Nc6 11. h3 O-O 12. Bf4
Nh5 13. Bd2 b6 14. Rac1 Bb7 15. Be3 Ne5 16. Rfd1 Nxd3 17. Qxd3
Rad8 18. Na4 Qc6 19. b3 b5 20. cxb5 Qxb5 21. Bb6 Qxd3 22. Rxd3
Bxe4 23. Bxd8 Bxd3 24. Be7 Re8 25. Bxd6 Rd8 26. Bc7 Rc8
27. Nb6 Re8 28. Ne5 Be4 29. Nec4 Bb7 30. Nd6 1-0

[Event "World Blitz Championship"]
[Site "Moscow RUS"]
[Date "2010.11.17"]
[EventDate "2010.11.16"]
[Round "15.6"]
[Result "1-0"]
[White "Sergei Mushegovic Movsesian"]
[Black "Fabiano Caruana"]
[WhiteElo "2721"]
[BlackElo "2709"]
[PlyCount "46"]

1. e4 e6 2. d4 d5 3. e5 c5 4. c3 Nc6 5. Nf3 Qb6 6. Be2 cxd4
7. cxd4 Nh6 8. Bd3 Bd7 9. Bc2 g5 10. h3 Nf5 11. Bxf5 exf5
12. O-O g4 13. hxg4 fxg4 14. Nc3 gxf3 15. Nxd5 fxg2 16. Re1
Qxd4 17. Bg5 Bg7 18. Nc7+ Kf8 19. Nxa8 Nxe5 20. Be7+ Kg8
21. Rxe5 Bxe5 22. Qxd4 Bxd4 23. Rd1 Bxf2+ 1-0

[Event "World Blitz Championship"]
[Site "Moscow RUS"]
[Date "2010.11.17"]
[EventDate "2010.11.16"]
[Round "22.3"]
[Result "1-0"]
[White "Ian Nepomniachtchi"]
[Black "Fabiano Caruana"]
[WhiteElo "2720"]
[BlackElo "2709"]
[PlyCount "74"]

1. e4 c5 2. Nf3 e6 3. d4 cxd4 4. Nxd4 a6 5. Nc3 d6 6. g4 b5
7. Bg2 Bb7 8. O-O Ne7 9. f4 Nec6 10. Nf3 Nd7 11. g5 Be7
12. Be3 Qc7 13. Qe1 Na5 14. a3 Nc4 15. Bc1 Rc8 16. Qg3 O-O
17. h4 a5 18. Nh2 b4 19. axb4 axb4 20. Nd1 d5 21. e5 d4
22. Ng4 Bc5 23. Kh2 Bxg2 24. Qxg2 Qc6 25. Qe2 Ndb6 26. h5 Be7
27. Ndf2 Nd5 28. h6 g6 29. Ne4 Nde3 30. Nef6+ Bxf6 31. Nxf6+
Kh8 32. Rf2 Nd5 33. Ng4 Rfd8 34. b3 Ncb6 35. Bb2 Nc3 36. Bxc3
dxc3 37. Rd1 Nd5 1-0

[Event "World Blitz Championship"]
[Site "Moscow RUS"]
[Date "2010.11.17"]
[EventDate "2010.11.16"]
[Round "27.10"]
[Result "1-0"]
[White "Sergey Karjakin"]
[Black "Fabiano Caruana"]
[WhiteElo "2760"]
[BlackElo "2709"]
[PlyCount "105"]

1. Nf3 Nf6 2. g3 d5 3. Bg2 Bg4 4. c4 c6 5. Ne5 Be6 6. cxd5
cxd5 7. d4 g6 8. Nc3 Bg7 9. Qb3 Qb6 10. Qxb6 axb6 11. Nb5 Na6
12. Bd2 Nd7 13. Nd3 Ndb8 14. Rc1 Nc6 15. e3 g5 16. Nc3 Bf5
17. Ke2 e6 18. a3 Nc7 19. Na2 Nb5 20. Nab4 Na5 21. a4 Nd6
22. Rc3 Kd7 23. Rhc1 Rhc8 24. Rxc8 Nxc8 25. Rc3 Nd6 26. f3 g4
27. b3 gxf3+ 28. Bxf3 Ne4 29. Bxe4 Bxe4 30. Nf2 Bf5 31. Nbd3
Nc6 32. g4 Bg6 33. Nf4 Re8 34. h4 e5 35. dxe5 Bxe5 36. Nxd5
Bxc3 37. Bxc3 Bc2 38. Nf6+ Ke7 39. Nxe8 Kxe8 40. b4 Bxa4
41. Ne4 Bc2 42. Nf6+ Kd8 43. e4 Ne7 44. Ke3 h6 45. h5 Bd1
46. Kf4 Nc6 47. g5 hxg5+ 48. Kxg5 Ne7 49. h6 Ng6 50. h7 Bc2
51. Ng4 Ke7 52. Bf6+ Ke6 53. Ne5 1-0

[Event "World Blitz Championship"]
[Site "Moscow RUS"]
[Date "2010.11.18"]
[EventDate "2010.11.16"]
[Round "33"]
[Result "1/2-1/2"]
[White "Ruslan Ponomariov"]
[Black "Fabiano Caruana"]
[WhiteElo "2744"]
[BlackElo "2709"]
[PlyCount "98"]

1. d4 Nf6 2. Bf4 g6 3. Nc3 c5 4. d5 Bg7 5. e4 d6 6. Qd2 a6
7. a4 Qb6 8. Rb1 O-O 9. Bd3 Qb4 10. h3 Nbd7 11. Nf3 c4 12. Be2
Nc5 13. O-O Nxa4 14. Nxa4 Qxa4 15. Ra1 Qb5 16. Qe3 Bd7 17. b3
Rfc8 18. Bxc4 Qc5 19. Qe2 Qc7 20. Ra2 b5 21. Bd3 a5 22. c4 a4
23. bxa4 bxc4 24. Bc2 c3 25. Rfa1 Qc4 26. Qe3 Rab8 27. Bd3 Qc5
28. Rc2 Rb2 29. a5 Bb5 30. Qe2 Bxd3 31. Qxd3 Qc4 32. Qxc4 Rxc4
33. a6 Rxc2 34. a7 Rc8 35. a8=Q Rxa8 36. Rxa8+ Bf8 37. Bh6 Nd7
38. Nd4 Rb2 39. Rc8 c2 40. Kh2 Rb8 41. Rxb8 Nxb8 42. Be3 Nd7
43. Nxc2 Bg7 44. f3 Be5+ 45. Kg1 Kg7 46. g4 Bc3 47. Kf2 Ne5
48. f4 Nc4 49. Bd4+ Bxd4+ 1/2-1/2

[Event "World Blitz Championship"]
[Site "Moscow RUS"]
[Date "2010.11.18"]
[EventDate "2010.11.16"]
[Round "34"]
[Result "0-1"]
[White "Fabiano Caruana"]
[Black "Sergei Mushegovic Movsesian"]
[WhiteElo "2709"]
[BlackElo "2721"]
[PlyCount "78"]

1. e4 c5 2. Nf3 e6 3. d4 cxd4 4. Nxd4 Nf6 5. Nc3 d6 6. g4 h6
7. h4 Nc6 8. Rg1 d5 9. exd5 Nxd5 10. Nxd5 Qxd5 11. Be3 Bd7
12. Bg2 Qc4 13. Qd2 Rd8 14. Bf1 Qd5 15. Nb5 Qxd2+ 16. Bxd2 Bc5
17. Bg2 O-O 18. Nc3 Nb4 19. Rc1 Bc6 20. Bxc6 Nxc6 21. Ne4 Be7
22. g5 Nd4 23. Rg2 Nf3+ 24. Ke2 Nxh4 25. Rg4 hxg5 26. Bxg5
Bxg5 27. Rxg5 f6 28. Rg4 Nf5 29. Rcg1 Kf7 30. c3 Rh8 31. Nd2
g5 32. Nf3 Rd7 33. a4 e5 34. a5 Ke6 35. Rb4 Ne7 36. c4 Ng6
37. Ne1 Nf4+ 38. Ke3 Rh3+ 39. f3 Rh2 0-1

[Event "World Blitz Championship"]
[Site "Moscow RUS"]
[Date "2010.11.18"]
[EventDate "2010.11.16"]
[Round "35"]
[Result "1/2-1/2"]
[White "Boris Gelfand"]
[Black "Fabiano Caruana"]
[WhiteElo "2741"]
[BlackElo "2709"]
[PlyCount "133"]

1. Nf3 Nf6 2. c4 c6 3. Nc3 d5 4. e3 e6 5. b3 Nbd7 6. Bb2 Bd6
7. d4 O-O 8. Bd3 e5 9. cxd5 cxd5 10. dxe5 Nxe5 11. Nxe5 Bxe5
12. O-O Bg4 13. Be2 Bxe2 14. Qxe2 d4 15. exd4 Bd6 16. Qf3 Qd7
17. Rad1 Rfe8 18. Bc1 Rac8 19. h3 Bb4 20. Rd3 Bxc3 21. Rxc3
Nd5 22. Rc5 Red8 23. Bg5 f6 24. Bd2 b6 25. Rc4 Re8 26. Rfc1
Rcd8 27. Bf4 Qf5 28. Bc7 Qxf3 29. gxf3 Rd7 30. Bg3 Re2
31. R4c2 Rxc2 32. Rxc2 Kf7 33. Kf1 Nb4 34. Rd2 Ke6 35. Bf4 Kd5
36. Ke2 Re7+ 37. Kd1 g5 38. Be3 Rc7 39. a3 Nc6 40. Rc2 Rd7
41. Kc1 h6 42. Rd2 Rg7 43. f4 g4 44. hxg4 Rxg4 45. Rd1 h5
46. Rh1 h4 47. f3 Rg3 48. Rxh4 Rxf3 49. Kd2 Nxd4 50. Rh7 Nf5
51. Bg1 Rg3 52. Bf2 Rxb3 53. Rxa7 Rb2+ 54. Ke1 Ke4 55. Rb7 b5
56. Rb6 Kf3 57. Bc5 Ng3 58. Kd1 Ne4 59. Bb4 Kxf4 60. Kc1 Rg2
61. Rxb5 Ke3 62. Rd5 Rg5 63. Rxg5 fxg5 64. Ba5 g4 65. Bc7 Nc5
66. Kd1 Ne6 67. Bh2 1/2-1/2

[Event "World Blitz Championship"]
[Site "Moscow RUS"]
[Date "2010.11.18"]
[EventDate "2010.11.16"]
[Round "36"]
[Result "0-1"]
[White "Fabiano Caruana"]
[Black "Levon Aronian"]
[WhiteElo "2709"]
[BlackElo "2801"]
[PlyCount "70"]

1. e4 e5 2. Nf3 Nc6 3. Nc3 Nf6 4. Bb5 Bb4 5. d3 d6 6. O-O O-O
7. Bg5 Ne7 8. Nh4 c6 9. Bc4 d5 10. Bb3 Qd6 11. f4 Bxc3
12. bxc3 dxe4 13. fxe5 Qxe5 14. Bxf6 gxf6 15. dxe4 Ng6 16. Nf5
Qxc3 17. Qc1 Bxf5 18. exf5 Ne5 19. Qh6 Ng4 20. Qh4 Ne3
21. Qg3+ Kh8 22. Rae1 Nd5 23. Qh4 Rae8 24. Bxd5 cxd5 25. Rd1
Re4 26. Qh6 Rg8 27. Rd3 Qe5 28. Rh3 Rg7 29. Rg3 Rxg3 30. hxg3
Kg8 31. Qd2 Re2 32. Qd3 Re3 33. Qb5 Rxg3 34. Qxb7 Qe3+ 35. Kh2
Rg4 0-1

[Event "Reggio Emilia"]
[Site "Reggio Emilia ITA"]
[Date "2011.01.02"]
[EventDate "2010.12.28"]
[Round "5"]
[Result "1/2-1/2"]
[White "Fabiano Caruana"]
[Black "Vugar Gashimov"]
[WhiteElo "2709"]
[BlackElo "2733"]
[PlyCount "43"]

1. d4 Nf6 2. c4 e6 3. Nc3 Bb4 4. e3 c5 5. Ne2 cxd4 6. exd4 d5
7. a3 Bxc3+ 8. Nxc3 dxc4 9. Bxc4 Nc6 10. Be3 O-O 11. O-O Nd5
12. Qh5 Nce7 13. Bg5 f6 14. Bd2 Qe8 15. Qf3 Qc6 16. Nxd5 Nxd5
17. Rac1 Bd7 18. Qg3 Qb6 19. Bxd5 exd5 20. Bb4 Rfc8 21. Bc5
Qc7 22. Rfe1 1/2-1/2

[Event "World Cup"]
[Site "Khanty-Mansiysk RUS"]
[Date "2011.08.29"]
[EventDate "2011.08.28"]
[Round "1.2"]
[Result "1/2-1/2"]
[White "Aleksei Pridorozhni"]
[Black "Fabiano Caruana"]
[WhiteElo "2550"]
[BlackElo "2711"]
[PlyCount "141"]

1. e4 c5 2. Nc3 Nc6 3. g3 g6 4. Bg2 Bg7 5. d3 d6 6. f4 Nf6
7. Nf3 Bg4 8. h3 Bxf3 9. Qxf3 Rc8 10. O-O O-O 11. Nd1 b5
12. a3 c4 13. c3 cxd3 14. Qxd3 a6 15. Be3 Na5 16. Bf2 Nb3
17. Rb1 Qd7 18. Re1 Nc5 19. Qc2 Qe6 20. e5 dxe5 21. Rxe5 Qd6
22. Ne3 e6 23. Rd1 Qe7 24. Nf1 Ne8 25. Re2 Nd6 26. g4 Qc7
27. f5 Rcd8 28. b4 Na4 29. fxe6 fxe6 30. Rxe6 Nc4 31. Rxd8
Qxd8 32. Rxa6 Nxc3 33. Ra8 Qd7 34. Rxf8+ Kxf8 35. Ne3 Nxa3
36. Qb3 Nab1 37. Nd5 Be5 38. Qc2 Kg7 39. Nxc3 Nxc3 40. Kh1 Qd6
41. Bc5 Qd8 42. Qf2 Qd1+ 43. Bf1 Bf6 44. Qf4 Nd5 45. Qf2 Nc3
46. Bf8+ Kxf8 47. Qxf6+ Kg8 48. Qe6+ Kf8 49. Qc8+ Kf7 50. Qc7+
Kg8 51. Qb8+ Kf7 52. Qf4+ Ke6 53. Qe3+ Kf7 54. Kg1 Nd5 55. Qe5
h6 56. Qe4 g5 57. Qf5+ Ke7 58. Qh7+ Kd8 59. Qa7 Ke8 60. Qf2
Nf4 61. Qe3+ Kf7 62. Kf2 Qd5 63. Qa7+ Kg8 64. Qb8+ Kg7
65. Qc7+ Kg8 66. Qc8+ Kg7 67. Qc3+ Kf7 68. Ke3 Qd6 69. Qb3+
Kf6 70. Qb2+ Qe5+ 71. Qxe5+ 1/2-1/2

[Event "World Cup"]
[Site "Khanty-Mansiysk RUS"]
[Date "2011.09.03"]
[EventDate "2011.08.28"]
[Round "3.1"]
[Result "1/2-1/2"]
[White "Fabiano Caruana"]
[Black "Peter Svidler"]
[WhiteElo "2711"]
[BlackElo "2739"]
[PlyCount "45"]

1. d4 Nf6 2. c4 g6 3. Nf3 Bg7 4. g3 c6 5. Bg2 d5 6. cxd5 cxd5
7. Ne5 Ne4 8. Nc3 Nxc3 9. bxc3 O-O 10. O-O Nc6 11. Nxc6 bxc6
12. Qa4 Qb6 13. e4 Qa6 14. Qb4 dxe4 15. Bxe4 Be6 16. Bf4 Rfe8
17. Rfe1 Rac8 18. Bg2 Qc4 19. Qa3 c5 20. Bf1 Qd5 21. Bg2 Qc4
22. Bf1 Qd5 23. Bg2 1/2-1/2

[Event "World Cup"]
[Site "Khanty-Mansiysk RUS"]
[Date "2011.09.04"]
[EventDate "2011.08.28"]
[Round "3.2"]
[Result "1/2-1/2"]
[White "Peter Svidler"]
[Black "Fabiano Caruana"]
[WhiteElo "2739"]
[BlackElo "2711"]
[PlyCount "48"]

1. e4 e5 2. Nf3 Nc6 3. Bb5 a6 4. Ba4 Nf6 5. O-O b5 6. Bb3 Bc5
7. c3 d6 8. d4 Bb6 9. Be3 O-O 10. Nbd2 h6 11. h3 Re8 12. Re1
Bb7 13. Bc2 Nb8 14. dxe5 dxe5 15. Bxb6 cxb6 16. c4 b4 17. Nf1
Nbd7 18. Qd2 Nc5 19. Qxb4 Nfxe4 20. Rad1 Qc7 21. Ne3 a5
22. Qa3 Rad8 23. Rxd8 Qxd8 24. Rd1 Qc7 1/2-1/2

[Event "World Cup"]
[Site "Khanty-Mansiysk RUS"]
[Date "2011.09.05"]
[EventDate "2011.08.28"]
[Round "3.3"]
[Result "1-0"]
[White "Peter Svidler"]
[Black "Fabiano Caruana"]
[WhiteElo "2739"]
[BlackElo "2711"]
[PlyCount "169"]

1. d4 d5 2. c4 c6 3. Nf3 Nf6 4. e3 Bg4 5. Qb3 Qc7 6. Ne5 e6
7. Nxg4 Nxg4 8. Be2 Nf6 9. Nc3 Nbd7 10. Bd2 Bd6 11. Rc1 dxc4
12. Qxc4 a6 13. h3 O-O 14. O-O e5 15. dxe5 Nxe5 16. Qb3 Rad8
17. Rfd1 Qe7 18. Be1 Ng6 19. Rd3 b5 20. Rcd1 h5 21. Qc2 h4
22. f4 Bc5 23. Bf2 Rxd3 24. Qxd3 Re8 25. Bf3 Bxe3 26. Qxe3
Qxe3 27. Bxe3 Rxe3 28. Rd8+ Kh7 29. Ne2 c5 30. Ra8 Rd3
31. Rxa6 Rd1+ 32. Kf2 Rd2 33. b3 Rb2 34. Ke1 Ne7 35. Kd1 Rb1+
36. Nc1 Rb2 37. Nd3 Rb1+ 38. Kc2 Rg1 39. a4 bxa4 40. Rxa4 Nfd5
41. Kd2 Rb1 42. Nxc5 Rb2+ 43. Kc1 Rf2 44. Nd3 Rf1+ 45. Kd2 Rb1
46. Ra5 Nb6 47. Rb5 Nbc8 48. Kc2 Ra1 49. Kb2 Ra6 50. Rb7 Re6
51. b4 Nd6 52. Rc7 Nb5 53. Rc5 Nd4 54. Re5 Rd6 55. Be4+ f5
56. Rxe7 fxe4 57. Rxe4 Nf5 58. Kc3 Rg6 59. Re5 Nd6 60. Ne1
Rg3+ 61. Kd4 Rb3 62. Nd3 Rb1 63. Rd5 Ne8 64. Rh5+ Kg6 65. Rxh4
Nd6 66. Rh8 Kf6 67. Rb8 Rd1 68. g4 Ke7 69. f5 Kd7 70. Rg8 Ne8
71. Ke3 Ke7 72. Ne5 Rb1 73. h4 Rb3+ 74. Kf4 Rxb4+ 75. Kg5 Re4
76. Ng6+ Kd7 77. Rf8 Nd6 78. Ra8 Ne8 79. h5 Rb4 80. Ra7+ Kd6
81. Re7 Nf6 82. Re6+ Kd7 83. Ne5+ Kc8 84. Rxf6 gxf6+ 85. Kxf6
1-0

[Event "World Cup"]
[Site "Khanty-Mansiysk RUS"]
[Date "2011.09.05"]
[EventDate "2011.08.28"]
[Round "3.4"]
[Result "0-1"]
[White "Fabiano Caruana"]
[Black "Peter Svidler"]
[WhiteElo "2711"]
[BlackElo "2739"]
[PlyCount "74"]

1. d4 Nf6 2. c4 e6 3. g3 d5 4. Nf3 dxc4 5. Bg2 c5 6. O-O Nc6
7. dxc5 Qxd1 8. Rxd1 Bxc5 9. Nbd2 c3 10. bxc3 Bd7 11. Nb3 Be7
12. c4 O-O 13. Bb2 Rfd8 14. Nfd4 Rac8 15. Nb5 Be8 16. c5 Rxd1+
17. Rxd1 Nd8 18. Nd6 Bxd6 19. cxd6 Ba4 20. Rd2 Nd7 21. f4 f6
22. Kf2 Kf8 23. g4 b6 24. g5 fxg5 25. fxg5 e5 26. h4 Rc4
27. Kg3 Bc6 28. Bh3 Ke8 29. e3 g6 30. Bg4 Be4 31. Be2 Rc8
32. Bb5 Nf7 33. Ba3 a6 34. Be2 a5 35. Bb5 a4 36. Nc1 Rc3
37. Bb4 Rxc1 0-1

[Event "TCh-SUI National A"]
[Site "Switzerland SUI"]
[Date "2012.10.21"]
[EventDate "2012.03.18"]
[Round "8.1"]
[Result "1/2-1/2"]
[White "Fabiano Caruana"]
[Black "Robert Huebner"]
[WhiteElo "2767"]
[BlackElo "2583"]
[PlyCount "159"]

1. e4 e5 2. Nf3 Nc6 3. Bb5 Nf6 4. O-O d6 5. Re1 Bd7 6. c3 g6
7. d4 Bg7 8. Nbd2 O-O 9. Bd3 Nh5 10. Nb3 Bg4 11. Be2 h6 12. h3
Bc8 13. Be3 Nf4 14. Bxf4 exf4 15. Nc1 g5 16. Nd3 Ne7 17. Nd2
b6 18. e5 d5 19. Bg4 Be6 20. a4 a5 21. b4 Qd7 22. Ra2 Nc6
23. Nb3 Rfe8 24. Bxe6 Qxe6 25. Rc2 Bf8 26. b5 Ne7 27. Qh5 c6
28. bxc6 Nxc6 29. Nd2 Rac8 30. Rb2 Ne7 31. Rb3 Rc6 32. Nb2
Rec8 33. Qf3 R8c7 34. Nd1 Qf5 35. Rb2 Rg6 36. Re2 Bg7 37. Nf1
Rc4 38. Ra2 Qd7 39. Nb2 Rc8 40. Ra3 Qf5 41. Rb3 Qd7 42. Rb5
Qc6 43. Rc2 f6 44. exf6 Rxf6 45. c4 Qd7 46. Qb3 Rfc6 47. Rxb6
Bxd4 48. Rxc6 Qxc6 49. c5 Bxc5 50. Nd3 Qb6 51. Qa2 Rc7 52. Re2
Bd4 53. Nd2 Bf6 54. Nf3 Rc3 55. Nde5 Rc1+ 56. Kh2 Qb1 57. Qxb1
Rxb1 58. Ng4 Kg7 59. Re6 Ng8 60. Ra6 Bc3 61. Ra7+ Kg6 62. Rc7
Rb3 63. Rd7 Ra3 64. Rxd5 Rxa4 65. h4 Nf6 66. Rd6 Ra1 67. Rc6
Bb2 68. h5+ Kg7 69. Rc7+ Kf8 70. Nxf6 Bxf6 71. Kh3 a4 72. Kg4
a3 73. Rc6 Bg7 74. Ra6 Ke7 75. Kf5 Bb2 76. Rxh6 Rh1 77. Ra6
Rxh5 78. Nxg5 Rh2 79. Kxf4 Rxg2 80. Ne4 1/2-1/2

[Event "Zurich Chess Challenge (Blitz)"]
[Site "Zurich SUI"]
[Date "2013.02.22"]
[EventDate "2013.02.22"]
[Round "5.1"]
[Result "1/2-1/2"]
[White "Fabiano Caruana"]
[Black "Boris Gelfand"]
[WhiteElo "2757"]
[BlackElo "2740"]
[PlyCount "143"]

1. e4 c5 2. Nf3 Nc6 3. Bb5 d6 4. Bxc6+ bxc6 5. e5 Bg4 6. h3
Bh5 7. O-O e6 8. Re1 Ne7 9. exd6 Nd5 10. d3 Bxd6 11. Nbd2 O-O
12. Nc4 Bc7 13. Qe2 Kh8 14. Bd2 Nb4 15. Bxb4 cxb4 16. Qe3 Qd5
17. g4 Bg6 18. Nfe5 Rfe8 19. Qf3 f6 20. Nxg6+ hxg6 21. Re4 f5
22. gxf5 exf5 23. Rxe8+ Rxe8 24. Qxd5 cxd5 25. Ne3 Rd8 26. a3
bxa3 27. Rxa3 Bb6 28. Kg2 Kg8 29. Kf3 Kf7 30. c3 Ke6 31. h4 d4
32. Ng2 Kf6 33. c4 a5 34. b4 axb4 35. Ra6 Rd6 36. Nf4 Kf7
37. Nd5 b3 38. Ra3 Bd8 39. Kg3 g5 40. hxg5 Bxg5 41. Rxb3 Rc6
42. Rb7+ Kf8 43. Rd7 Bd2 44. f4 Bc1 45. Ne7 Rf6 46. Kf3 Ba3
47. Nd5 Rh6 48. Kg3 Rg6+ 49. Kf2 Rh6 50. Ra7 Bd6 51. Ra6 Kf7
52. Ra7+ Kf8 53. Ra5 Rh2+ 54. Kg3 Rc2 55. Ra6 Bc5 56. Rc6 Ba3
57. Nc7 Rd2 58. Ne6+ Kf7 59. Ng5+ Ke7 60. Rc7+ Kd6 61. Rxg7
Rxd3+ 62. Kf2 Rc3 63. Rg6+ Kc5 64. Rf6 Kxc4 65. Rxf5 d3
66. Ne4 Rc2+ 67. Kf3 Rh2 68. Ra5 Bb4 69. Ra8 d2 70. Rd8 Rh3+
71. Ke2 Rh2+ 72. Kf3 1/2-1/2

[Event "Dortmund Sparkassen"]
[Site "Dortmund GER"]
[Date "2013.07.27"]
[EventDate "2013.07.26"]
[Round "2"]
[Result "1/2-1/2"]
[White "Peter Leko"]
[Black "Fabiano Caruana"]
[WhiteElo "2737"]
[BlackElo "2796"]
[PlyCount "55"]

1. e4 e5 2. Nf3 Nc6 3. Bb5 a6 4. Ba4 Nf6 5. O-O Be7 6. d3 b5
7. Bb3 d6 8. a3 O-O 9. Nc3 Be6 10. Nd5 Nd4 11. Nxd4 exd4
12. Nxf6+ Bxf6 13. Bxe6 fxe6 14. Qg4 Qc8 15. f4 e5 16. f5 c5
17. Bg5 Kh8 18. Rf3 c4 19. Rh3 Bxg5 20. Qxg5 Rf6 21. g4 cxd3
22. cxd3 Qc2 23. Rc1 Qe2 24. Rc7 Qe1+ 25. Kg2 Qe2+ 26. Kg1
Qe1+ 27. Kg2 Qe2+ 28. Kg1 1/2-1/2

[Event "Dortmund Sparkassen"]
[Site "Dortmund GER"]
[Date "2013.08.01"]
[EventDate "2013.07.26"]
[Round "6.3"]
[Result "1/2-1/2"]
[White "Igor Khenkin"]
[Black "Fabiano Caruana"]
[WhiteElo "2605"]
[BlackElo "2796"]
[PlyCount "115"]

1. d4 d6 2. Nf3 g6 3. e4 Nf6 4. Nc3 Bg7 5. Be2 O-O 6. O-O a6
7. Re1 Nc6 8. Bg5 h6 9. Bh4 g5 10. Bg3 Nh5 11. d5 Nb8 12. Nd4
Nxg3 13. hxg3 c6 14. Nf5 Bxf5 15. exf5 Nd7 16. dxc6 bxc6
17. Na4 Bf6 18. c3 Kg7 19. Qc2 Qc7 20. Rad1 Rh8 21. Bh5 Be5
22. Re3 Nf6 23. Qe2 Nd5 24. Re4 Rab8 25. Bxf7 Nf6 26. Rxe5
dxe5 27. Bb3 Rhd8 28. Re1 Rb5 29. Qc4 Qd6 30. Qf7+ Kh8 31. Qg6
Nh7 32. Rd1 Qc7 33. Rxd8+ Qxd8 34. Qxc6 Nf6 35. Qxa6 Qd7
36. Nb6 Qd3 37. Bc4 Qb1+ 38. Bf1 Rxb2 39. Qc8+ Kg7 40. Nc4 Rb7
41. Nxe5 Qb6 42. Qc4 e6 43. fxe6 Qc7 44. f4 Qxc4 45. Bxc4 Ne4
46. Kh2 Nf2 47. Kg1 Ne4 48. Kh2 Nf2 49. Bb3 Rc7 50. c4 Ne4
51. Ba4 Nc5 52. Bd7 Kf6 53. Ng4+ Ke7 54. Nxh6 Nxe6 55. Bxe6
Kxe6 56. fxg5 Rc5 57. g4 Rxg5 58. Kg3 1/2-1/2